000 00950nam a2200325Ia 4500
003 OSt
005 20220912145821.0
006 a|||||r|||| 00| 0
007 ta
008 220909b |||||||| |||| 00| 0 eng d
020 _a8173190771 (pbk)
024 _a82116
037 _b139, 29/09/2008, N R Book Distributors
037 _cTextbook
040 _aCSL
_beng
_cCSL
041 _aeng
082 _aB2, N6.1;2 TC
100 _aLuthar I S
245 0 _aAlgebra
260 _aNew Delhi
_bNarosa Publishing House
_c1996
300 _ap.
_ccm.
500 _aIncluded bibliographical references''.; Bibliography 235-238p.; Index 239-242p.
650 _a Algebra
650 _a Homomorphisms
650 _aPhysics
700 _a Passi I B S
942 _hB2, N6.1;2 TC
_cTB
_2CC
999 _c38930
_d38930